| 000 | 00361nam a22001457a 4500 | ||
|---|---|---|---|
| 999 |
_c8129 _d8129 |
||
| 003 | OSt | ||
| 005 | 20200804164013.0 | ||
| 008 | 200804b ||||| |||| 00| 0 eng d | ||
| 020 | _a9781864704976 | ||
| 082 | _a724.6 | ||
| 100 | _aNaga Architects | ||
| 245 | _aNaga architects, designers & planners | ||
| 260 |
_aAustralia _bImages Publishing _c2014 |
||
| 942 | _2ddc | ||